|
|
|
|
| LEADER |
00000nas a2200000 a 4500 |
| 001 |
ssj0024585 |
| 003 |
WaSeSS |
| 005 |
20200512172242.0 |
| 006 |
m d |
| 007 |
cr n |
| 008 |
860325d19271956iludn nes 0 a0eng c |
| 010 |
|
|
|a sn 86086398
|
| 035 |
|
|
|a (WaSeSS)ssj0024585
|
| 040 |
|
|
|a NPV
|b eng
|c NPV
|d NVF
|d OCLCQ
|d NVF
|d OCLCQ
|d OCLCF
|d NVF
|d OCLCO
|d OCLCQ
|d WaSeSS
|
| 042 |
|
|
|a pcc
|
| 043 |
|
|
|a n-us-il
|
| 045 |
|
|
|a x2--
|
| 245 |
0 |
4 |
|a The daily register-mail
|h [electronic resource].
|
| 260 |
|
|
|a Galesburg, Ill. :
|b Galesburg Print. and Pub. Co.,
|c 1927-1956.
|
| 310 |
|
|
|a Daily (except Sunday)
|
| 362 |
0 |
|
|a Vol. 57, no. 77 (Apr. 1, 1927)-v. 75, [no.] 206 (Aug. 31, 1956).
|
| 506 |
|
|
|a License restrictions may limit access.
|
| 580 |
|
|
|a Formed by the union of: Republican-register (Galesburg, Ill.) and: Galesburg evening mail.
|
| 651 |
|
0 |
|a Galesburg (Ill.)
|v Newspapers.
|
| 651 |
|
7 |
|a Illinois
|z Galesburg.
|2 fast
|0 (OCoLC)fst01202787
|
| 655 |
|
0 |
|a Electronic journals.
|
| 752 |
|
|
|a United States
|b Illinois
|c Knox
|d Galesburg.
|
| 780 |
1 |
4 |
|t Republican-register (Galesburg, Ill.)
|w (DLC)sn 86086397
|w (OCoLC)13342361
|
| 780 |
1 |
4 |
|t Galesburg evening mail
|w (DLC)sn 92053349
|w (OCoLC)26478273
|
| 785 |
0 |
0 |
|t Galesburg register-mail
|w (DLC)sn 92053350
|w (OCoLC)26478470
|
| 856 |
4 |
0 |
|z Full text available from Research Library: 01/03/1992 to 08/05/1997
|u https://search.proquest.com/publication/45613
|